Tiszatáj 1956/2

Elmentve itt :
Bibliográfiai részletek
Dokumentumtípus: Folyóirat
Megjelent: 1956
Sorozat:Tiszatáj 10 No. 2
Online Access:http://tiszataj.bibl.u-szeged.hu/55
LEADER 00435nas a2200145 i 4500
001 tisza55
005 20200415091013.0
008 160906s1956 hu o 0|| hun d
022 |a 0133-1167 
040 |a SZTE Tiszatáj Archívum  |b hun 
041 |a hun 
245 0 0 |a Tiszatáj 1956/2  |h [elektronikus dokumentum] 
260 |c 1956 
490 0 |a Tiszatáj  |v 10 No. 2 
856 4 0 |u http://tiszataj.bibl.u-szeged.hu/55/1/tiszataj_1956_002.pdf  |z Dokumentum-elérés